Vypracovanie projektu zlepšovania manažérstva reklamácií v MENERT spol. s r.o. Šaľa = Working out project of improving complaining management in MENERT spol. s r.o. Šaľa : Diplomová práca

Salvato in:
Dettagli Bibliografici
Autore principale: Kiss, Jozef (Autore)
Altri autori: Šalgovičová, Jarmila, 1950- (xxx)
Natura: Manoscritto Libro
Lingua:slovacco
Pubblicazione: Trnava : STU v Bratislave MTF UPMK KIK, 2009
Soggetti:
Tags: Aggiungi Tag
Nessun Tag, puoi essere il primo ad aggiungerne!!

MARC

LEADER 00000ntm a22000003a 4500
001 stu188395
005 20160719154402.5
008 090811s2009----xo------------------slo-d
040 |a STU  |b slo 
041 0 |a slo 
044 |a xo 
100 1 |a Kiss, Jozef  |4 aut 
245 1 |a Vypracovanie projektu zlepšovania manažérstva reklamácií v MENERT spol. s r.o. Šaľa = Working out project of improving complaining management in MENERT spol. s r.o. Šaľa :  |b Diplomová práca 
260 |a Trnava :  |b STU v Bratislave MTF UPMK KIK,  |c 2009 
300 |a 92 s  |c príl (1 CD-ROM) 
500 |a Študijný program: inžinierstvo kvality produkcie 
500 |a Študijný odbor: 5.2.57 kvalita produkcie 
650 7 |a manažérstvo reklamácií  |2 stusub 
700 1 |a Šalgovičová, Jarmila,  |d 1950-  |4 xxx  |u M4000  |U MTF Materiálovotechnologická fakulta  |T MTF Ústav priemyselného inžinierstva a manažmentu  |X 1492  |U M4000  |Y 84  |7 A000001492 
996 |b 284M070556  |c M*DP-8145  |l MMSKP  |s P  |a 0  |w stu188395_0001